[Event "WCC"]
[Site "Khanty Mansyisk RUS"]
[Date "2005.11.28"]
[Round "1.2"]
[White "Vaganian,R"]
[Black "Kempinski,R"]
[Result "1/2-1/2"]
[WhiteElo "2614"]
[BlackElo "2619"]
[EventDate "2005.11.28"]

1. d4 Nf6 2. c4 g6 3. g3 Bg7 4. Bg2 d5 5. cxd5 Nxd5 6. Nf3 Nb6 7. Nc3 Nc6
8. e3 O-O 9. O-O Re8 10. d5 Na5 11. Nd4 Bd7 12. b3 Rc8 13. Ba3 c6 14. dxc6
Nxc6 15. Rc1 Nxd4 16. exd4 Rc7 17. Bc5 1/2-1/2

[Event "WCC"]
[Site "Khanty Mansyisk RUS"]
[Date "2005.11.29"]
[Round "1.3"]
[White "Izoria,Z"]
[Black "Erenburg,S"]
[Result "1/2-1/2"]
[WhiteElo "2646"]
[BlackElo "2582"]
[EventDate "2005.11.29"]

1. d4 d5 2. c4 c6 3. Nf3 Nf6 4. Nc3 e6 5. Bg5 h6 6. Bh4 dxc4 7. e4 g5 8.
Bg3 b5 9. Be2 Bb7 10. O-O Nbd7 11. Ne5 Bg7 12. Nxd7 Nxd7 13. Bd6 a6 14. e5
c5 15. Bh5 Bf8 16. d5 Bxd6 17. Bxf7+ Kxf7 18. dxe6+ Kg7 19. Qxd6 Nf8 20. e7
Qxd6 21. exd6 Nd7 22. f4 g4 23. Rae1 Nf6 24. Re5 Nd7 25. Re3 Kf7 26. Ne2 h5
27. f5 Rh6 28. Rd1 Re8 29. Nf4 Rf6 30. Ne6 Rxf5 31. Nd8+ Kf6 32. Re6+ Kg5
33. Nxb7 b4 34. Nd8 c3 35. bxc3 bxc3 36. Re2 Kf6 37. Re6+ Kg7 38. Rc1 Rd5
39. Rxc3 Nf8 40. Re1 Rxd6 41. exf8=Q+ Kxf8 42. Rxe8+ Kxe8 43. Nb7 Rd1+ 44.
Kf2 Rd2+ 45. Kg3 h4+ 46. Kxh4 Rxg2 47. a3 c4 48. Nd6+ Kd7 49. Nxc4 Rxh2+
50. Kxg4 Kc6 51. Kf4 Kc5 52. Ke4 Rh4+ 1/2-1/2

[Event "WCC"]
[Site "Khanty Mansyisk RUS"]
[Date "2005.11.29"]
[Round "1.4"]
[White "Pridorozhni,A"]
[Black "Lautier,J"]
[Result "0-1"]
[WhiteElo "2506"]
[BlackElo "2680"]
[EventDate "2005.11.29"]

1. e4 c5 2. Nf3 d6 3. d4 cxd4 4. Nxd4 Nf6 5. Nc3 a6 6. Be2 e5 7. Nb3 Be7 8.
a4 Be6 9. O-O Nbd7 10. f4 Rc8 11. f5 Bc4 12. Kh1 O-O 13. Rf3 d5 14. exd5
Nb6 15. Bxc4 Rxc4 16. Rd3 e4 17. Rd2 Bb4 18. d6 Rc6 19. d7 Nbxd7 20. Rd4
Bxc3 21. bxc3 Qc8 22. Ba3 Re8 23. Bb4 b6 24. a5 b5 25. Qe2 Ne5 26. Rf1 h6
27. Nd2 e3 28. Qxe3 Neg4 29. Qg3 Ne3 30. Qf3 Nxf1 31. Qxf1 Re5 32. g4 Rd5
33. Nb3 Rc4 0-1

[Event "WCC"]
[Site "Khanty Mansyisk RUS"]
[Date "2005.11.29"]
[Round "1.4"]
[White "Kabanov,N"]
[Black "Bruzon,L"]
[Result "0-1"]
[WhiteElo "2506"]
[BlackElo "2677"]
[EventDate "2005.11.29"]

1. e4 e5 2. Nf3 Nc6 3. Bb5 Nf6 4. O-O Nxe4 5. d4 Nd6 6. Bxc6 dxc6 7. dxe5
Nf5 8. Qxd8+ Kxd8 9. Nc3 Bd7 10. Rd1 Kc8 11. Ng5 Be8 12. b3 Be7 13. Nge4 b6
14. Bb2 Kb7 15. Rd3 Rd8 16. Rad1 Rxd3 17. Rxd3 Kc8 18. Bc1 Bd7 19. g3 h5
20. Kg2 Re8 21. Bb2 Bd8 22. Ne2 c5 23. Nf4 Nd4 24. Bxd4 cxd4 25. Rxd4 Rxe5
26. f3 f5 27. Nc3 Bc6 28. Kf2 h4 29. Nd3 hxg3+ 30. hxg3 Re8 31. Nd5 Bb7 32.
N3f4 b5 33. Ne3 Be7 34. Rd3 Bc5 35. Ne2 b4 36. Nd4 g6 37. Nc4 Rd8 38. Ke3
Ba6 39. f4 Bxc4 40. bxc4 Kb7 41. Rd1 Rd6 42. Rd2 Kb6 43. Rd1 Ka5 44. Rd2
Ka4 45. Rd3 a5 46. g4 fxg4 47. Ke4 Rxd4+ 0-1

[Event "WCC"]
[Site "Khanty Mansyisk RUS"]
[Date "2005.11.29"]
[Round "1.4"]
[White "Li Shilong"]
[Black "Vallejo Pons,F"]
[Result "0-1"]
[WhiteElo "2510"]
[BlackElo "2674"]
[EventDate "2005.11.29"]

1. Nf3 d5 2. b3 Bg4 3. Bb2 Bxf3 4. gxf3 Nf6 5. e3 Nbd7 6. c4 c6 7. f4 g6 8.
d3 Bg7 9. Nd2 e6 10. Qc2 O-O 11. Be2 a5 12. a3 Qe7 13. h4 h5 14. Nf3 Rfc8
15. Rc1 Ne8 16. d4 Nd6 17. c5 Nf5 18. Bd3 Rab8 19. Bc3 b6 20. b4 axb4 21.
axb4 Ra8 22. Ke2 Qd8 23. Ne5 Nxe5 24. fxe5 Rcb8 25. Rhg1 Nxh4 26. e4 bxc5
27. bxc5 Ra3 28. Ra1 Rba8 29. Rxa3 Rxa3 30. Bb2 Ra8 31. f3 Rb8 32. Bc3 Kh7
33. Qa2 Ra8 34. Qb1 f5 35. exf5 Nxf5 36. Bxf5 exf5 37. Qb7 Ra2+ 38. Bd2 Qh4
39. Rd1 Qxd4 40. Qxc6 Qxe5+ 41. Kf1 Ra3 42. Be1 Rxf3+ 43. Bf2 Qe3 0-1

[Event "WCC"]
[Site "Khanty Mansyisk RUS"]
[Date "2005.11.29"]
[Round "1.4"]
[White "Smirin,I"]
[Black "Arencibia,W"]
[Result "1-0"]
[WhiteElo "2673"]
[BlackElo "2510"]
[EventDate "2005.11.29"]

1. e4 c5 2. Nf3 e6 3. d4 cxd4 4. Nxd4 a6 5. Bd3 Bc5 6. Nb3 Ba7 7. Qg4 Nf6
8. Qg3 d6 9. Nc3 Nc6 10. Bg5 h6 11. Bd2 Ne5 12. O-O-O g5 13. Be2 b5 14. f4
gxf4 15. Bxf4 Rg8 16. Qh3 Qe7 17. a3 Bd7 18. Rhf1 Rc8 19. Kb1 Rg6 20. Bxh6
Rxc3 21. bxc3 Nxe4 22. Bf4 Qf6 23. Nd4 Qg7 24. Qe3 f5 25. g3 Qh8 26. Ka1
Bc5 27. Ka2 Ng4 28. Bxg4 Rxg4 29. h3 Rg6 30. g4 Kd8 31. gxf5 exf5 32. Rg1
Re6 33. Qf3 Re8 34. Bc1 Qe5 35. Bb2 Qd5+ 36. Ka1 Qc4 37. Rg7 Bxd4 38. Rxd4
Qe6 39. h4 Qf6 40. Rh7 Qg6 41. Qh5 Qg2 42. Rxd7+ Kxd7 43. Qxf5+ Kd8 44. c4
Qxc2 45. Rxd6+ 1-0

[Event "WCC"]
[Site "Khanty Mansyisk RUS"]
[Date "2005.11.29"]
[Round "1.4"]
[White "Harikrishna,P"]
[Black "Yu Shaoteng"]
[Result "1-0"]
[WhiteElo "2673"]
[BlackElo "2516"]
[EventDate "2005.11.29"]

1. d4 b6 2. e4 Bb7 3. Bd3 e6 4. Nf3 Ne7 5. c4 g6 6. Nc3 Bg7 7. Be3 d6 8. d5
e5 9. h4 h6 10. h5 Bc8 11. Qd2 g5 12. Nh2 f5 13. f3 f4 14. Bf2 Nd7 15. Nf1
Nf6 16. g4 fxg3 17. Nxg3 O-O 18. Be3 Nh7 19. Be2 Kh8 20. Nd1 c6 21. Nc3
cxd5 22. cxd5 Ng8 23. O-O-O a6 24. Kb1 b5 25. Rc1 Bd7 26. Nd1 a5 27. Nf2
Ne7 28. Qc2 Rc8 29. Qd2 Rb8 30. Qc2 Rb7 31. Ng4 Nc8 32. Nf5 Bxf5 33. exf5
Ne7 34. Bf2 Qd7 35. Rhd1 Qxf5 36. Qxf5 Rxf5 37. Rc6 Nf6 38. Nxf6 Rxf6 39.
Rb6 Rc7 40. Rb8+ Ng8 41. Bb6 Re7 42. Rc1 Rf8 43. Rxf8 Bxf8 44. Bxa5 Rb7 45.
Rc7 Rb8 46. Rc6 Rb7 47. Rb6 Ra7 48. Rxb5 Nf6 49. b4 Nxh5 50. Rb8 Kg7 51.
Bb6 Ra4 52. Rb7+ Kg8 53. Be3 Nf4 54. Bd1 Ra8 55. a4 h5 56. a5 h4 57. Bg1 h3
58. Bh2 Nd3 59. Bc2 Nf2 60. Bf5 g4 61. fxg4 Bh6 62. Bg3 Nh1 63. Rh7 Nxg3
64. Rxh6 Rb8 65. Rxh3 Rxb4+ 66. Ka2 Ne2 67. a6 Nc1+ 68. Ka3 Rb6 69. Bc8 Rb1
70. Ka4 e4 71. Ra3 Rb8 72. Bb7 Nd3 73. Rxd3 exd3 74. Kb3 Rf8 75. a7 1-0

[Event "WCC"]
[Site "Khanty Mansyisk RUS"]
[Date "2005.11.29"]
[Round "1.4"]
[White "Timofeev,Arty"]
[Black "Agrest,E"]
[Result "1-0"]
[WhiteElo "2658"]
[BlackElo "2571"]
[EventDate "2005.11.29"]

1. e4 c5 2. Nf3 d6 3. d4 Nf6 4. Nc3 cxd4 5. Nxd4 a6 6. Be2 e5 7. Nb3 Be7 8.
O-O O-O 9. a4 b6 10. Bg5 Nbd7 11. Bc4 Bb7 12. Qe2 Qc7 13. Rfd1 Rfc8 14. Nd2
h6 15. Bxf6 Nxf6 16. Bb3 Bc6 17. Nf1 Rab8 18. Ng3 b5 19. axb5 axb5 20. Nh5
b4 21. Nxf6+ Bxf6 22. Nd5 Bxd5 23. Rxd5 Ra8 24. Rad1 Be7 25. Qh5 Bf8 26.
R5d3 Ra7 27. Rf3 Rca8 28. g3 Qe7 29. Rxf7 Qxf7 30. Bxf7+ Rxf7 31. Qe2 Rc8
32. Rd2 Rb7 33. Qa6 Rbb8 34. Qa7 Ra8 35. Qb7 Rab8 36. Qd7 Kh8 37. h4 Rc4
38. Kg2 Rbc8 39. b3 R4c5 40. h5 Rb8 41. Kh3 Rcc8 42. Kg4 Re8 43. Rd3 Be7
44. Rf3 Rbd8 45. Qb5 d5 46. exd5 e4 47. Rf5 Bf6 48. Qxb4 e3 49. fxe3 Rxe3
50. Qf4 Re7 51. c4 Rde8 52. Kh3 Re4 53. Rxf6 gxf6 54. Qxh6+ Kg8 55. Qg6+
Kh8 56. Qxf6+ Kg8 57. d6 R8e5 58. d7 1-0

[Event "WCC"]
[Site "Khanty Mansyisk RUS"]
[Date "2005.11.29"]
[Round "1.4"]
[White "Krasenkow,M"]
[Black "Amonatov,F"]
[Result "0-1"]
[WhiteElo "2655"]
[BlackElo "2572"]
[EventDate "2005.11.29"]

1. d4 d5 2. c4 c6 3. Nf3 Nf6 4. Nc3 dxc4 5. a4 Bf5 6. e3 e6 7. Bxc4 Nbd7 8.
a5 b5 9. axb6 axb6 10. Rxa8 Qxa8 11. Nh4 Bg4 12. f3 Bh5 13. g4 Bg6 14. e4
b5 15. Bb3 Nb6 16. O-O Be7 17. g5 Nfd7 18. Nxg6 hxg6 19. Be3 Qb8 20. Rf2
O-O 21. f4 b4 22. Na4 Nxa4 23. Bxa4 Nb6 24. Bxc6 Nc4 25. Bc1 Qb6 26. Ba4
Rd8 27. b3 Rxd4 28. Qe2 Na3 29. Bb2 Bc5 30. Kg2 Rd8 31. Rf3 Bd4 32. Bc1 Rc8
33. Qd1 Nb1 34. Rd3 Nc3 35. Qc2 Rd8 36. Rd2 e5 37. fxe5 Bxe5 38. Rf2 Qb7
39. Bb2 Nd1 40. Bc6 Qb6 41. Bxe5 Ne3+ 42. Kf3 Nxc2 0-1

[Event "WCC"]
[Site "Khanty Mansyisk RUS"]
[Date "2005.11.29"]
[Round "1.4"]
[White "Hamdouchi,H"]
[Black "Sutovsky,E"]
[Result "1/2-1/2"]
[WhiteElo "2574"]
[BlackElo "2654"]
[EventDate "2005.11.29"]

1. e4 c5 2. Nf3 d6 3. c3 Nf6 4. Be2 Bg4 5. h3 Bh5 6. O-O e6 7. d4 Nxe4 8.
d5 Nd7 9. Re1 e5 10. Nxe5 Bxe2 11. Qxe2 Nxe5 12. Qxe4 Be7 13. Bf4 Ng6 14.
Na3 O-O 15. Re2 Re8 16. Rae1 Qd7 17. Nc4 Bf8 18. Qf3 Rxe2 19. Rxe2 b5 20.
Na5 Re8 21. Bg3 Rxe2 22. Qxe2 Qf5 23. Qxb5 Qxd5 24. Qb3 Qe4 25. Qb7 Qe1+
26. Kh2 h5 27. h4 Ne5 28. f3 Qe2 29. Qd5 Qxb2 30. Bxe5 dxe5 31. Nc6 Qf2 32.
Qd8 e4 33. Ne5 exf3 34. Nxf3 Qe3 35. Qd5 Qf4+ 36. g3 Qe3 37. Qxh5 Qf2+ 38.
Kh3 Qf1+ 39. Kg4 Qc4+ 40. Kh3 Qf1+ 1/2-1/2

[Event "WCC"]
[Site "Khanty Mansyisk RUS"]
[Date "2005.11.29"]
[Round "1.4"]
[White "Erenburg,S"]
[Black "Izoria,Z"]
[Result "1/2-1/2"]
[WhiteElo "2582"]
[BlackElo "2646"]
[EventDate "2005.11.29"]

1. e4 e6 2. d4 d5 3. Nd2 c5 4. exd5 exd5 5. Ngf3 a6 6. dxc5 Bxc5 7. Bd3 Nf6
8. O-O O-O 9. c3 Nc6 10. h3 Qd6 11. Nb3 Bb6 12. Nbd4 1/2-1/2

[Event "WCC"]
[Site "Khanty Mansyisk RUS"]
[Date "2005.11.29"]
[Round "1.4"]
[White "Macieja,B"]
[Black "Efimenko,Z"]
[Result "0-1"]
[WhiteElo "2592"]
[BlackElo "2637"]
[EventDate "2005.11.29"]

1. Nf3 Nf6 2. c4 e6 3. d4 b6 4. Nc3 Bb4 5. Qb3 c5 6. a3 Ba5 7. Bg5 Bb7 8.
dxc5 Na6 9. c6 Bxc6 10. Qc2 Bxc3+ 11. Qxc3 Nc5 12. Nd2 O-O 13. f3 e5 14. e4
Re8 15. Be3 d6 16. Be2 Nh5 17. g3 Qd7 18. Nb3 Qh3 19. Bf1 Qe6 20. Nxc5 dxc5
21. O-O-O a5 22. Be2 Rad8 23. Rxd8 Rxd8 24. Rd1 Rxd1+ 25. Bxd1 a4 26. Qd3
Qe7 27. Bc2 Nf6 28. Bd2 Qd7 29. Qe2 Qd4 30. Be3 Qd6 31. Bd2 Ne8 32. Bc3 f6
33. Qd2 Qxd2+ 34. Kxd2 Kf7 35. Kd3 Ke6 36. h4 g6 37. Bd2 Nd6 38. g4 Nf7 39.
Kc3 g5 40. hxg5 Nxg5 41. Bd1 Be8 42. b4 axb3 43. Kxb3 h5 44. f4 Nxe4 45.
f5+ Ke7 46. g5 Nxd2+ 0-1

[Event "WCC"]
[Site "Khanty Mansyisk RUS"]
[Date "2005.11.29"]
[Round "1.4"]
[White "Zhang Zhong"]
[Black "Kobalia,M"]
[Result "1/2-1/2"]
[WhiteElo "2598"]
[BlackElo "2634"]
[EventDate "2005.11.29"]

1. d4 d5 2. Nf3 c6 3. Bf4 Bf5 4. e3 Qb6 5. b3 e6 6. Bd3 Bg6 7. O-O Nd7 8.
c4 Ngf6 9. h3 Be7 10. c5 Qd8 11. Nc3 a5 12. a3 b5 13. Qc2 O-O 14. b4 Qc8
15. Rfb1 Bd8 16. Bd6 Re8 17. Ne5 Bxd3 18. Qxd3 Bc7 19. Bxc7 Qxc7 20. f4
Reb8 21. a4 axb4 22. Rxb4 Nxe5 23. fxe5 Nd7 24. Rab1 bxa4 25. Nxa4 Rxb4 26.
Rxb4 f6 27. Nb6 Rf8 28. Nxd7 Qxd7 29. exf6 gxf6 30. Qa6 e5 31. Rb7 Qe6 32.
Qa7 Qf5 33. Rg7+ Kh8 34. Rg4 Rg8 35. Rxg8+ Kxg8 36. Qa8+ Kg7 37. Qxc6 Qe4
38. Qd7+ Kh6 39. c6 Qxe3+ 40. Kh1 Qc1+ 41. Kh2 Qf4+ 42. Kh1 Qc1+ 43. Kh2
exd4 44. c7 Qf4+ 45. Kh1 Qc1+ 46. Kh2 1/2-1/2

[Event "WCC"]
[Site "Khanty Mansyisk RUS"]
[Date "2005.11.29"]
[Round "1.4"]
[White "Miroshnichenko,E"]
[Black "Korneev,O"]
[Result "0-1"]
[WhiteElo "2634"]
[BlackElo "2601"]
[EventDate "2005.11.29"]

1. c4 Nf6 2. Nf3 e6 3. d4 d5 4. g3 dxc4 5. Bg2 Bb4+ 6. Nbd2 b5 7. O-O a5 8.
a4 c6 9. Ne5 Nd5 10. e4 Ne7 11. d5 O-O 12. Nxc6 Nbxc6 13. dxc6 c3 14. bxc3
Bxc3 15. Ra2 b4 16. Nb1 Ba6 17. Nxc3 Bxf1 18. Qxf1 bxc3 19. Ba3 Nxc6 20.
Bxf8 Qxf8 21. Rc2 Qc5 22. e5 Rc8 23. Bxc6 Qxc6 24. Qb5 Qe4 25. Qd7 Rb8 26.
Rc1 h6 27. Qc7 Rb3 28. h4 Qd3 29. Qd6 Qxd6 30. exd6 Kf8 31. Kf1 Ke8 32. Ke2
Kd7 33. Kd3 Kxd6 34. Kc4 Rb4+ 35. Kxc3 Rxa4 36. Rd1+ Ke7 37. Rb1 Ra2 38.
Rb7+ Kf6 0-1

[Event "WCC"]
[Site "Khanty Mansyisk RUS"]
[Date "2005.11.29"]
[Round "1.4"]
[White "Istratescu,A"]
[Black "Ftacnik,L"]
[Result "1-0"]
[WhiteElo "2622"]
[BlackElo "2612"]
[EventDate "2005.11.29"]

1. c4 Nf6 2. Nf3 c5 3. Nc3 e6 4. g3 b6 5. Bg2 Bb7 6. O-O Be7 7. b3 O-O 8.
Bb2 d6 9. e3 Nbd7 10. Qe2 Qc7 11. Rac1 a6 12. Rfd1 Bc6 13. d4 Qb7 14. h4
Rae8 15. d5 exd5 16. cxd5 Nxd5 17. Nxd5 Bxd5 18. Rxd5 Qxd5 19. Ng5 Qf5 20.
Be4 1-0

[Event "WCC"]
[Site "Khanty Mansyisk RUS"]
[Date "2005.11.29"]
[Round "1.4"]
[White "Kempinski,R"]
[Black "Vaganian,R"]
[Result "1-0"]
[WhiteElo "2619"]
[BlackElo "2614"]
[EventDate "2005.11.29"]

1. d4 e6 2. c4 d5 3. Nf3 Nf6 4. e3 b6 5. b3 Bb7 6. Nbd2 Nbd7 7. Bb2 g6 8.
Rc1 Bg7 9. Bd3 O-O 10. O-O c5 11. dxc5 bxc5 12. Qe2 Qb8 13. cxd5 exd5 14.
Ba6 Re8 15. Qb5 Bxa6 16. Qxa6 Re6 17. Qd3 Qb7 18. Rc2 Rae8 19. h3 h6 20.
Rd1 Kh7 21. Nf1 Rc8 22. Ba1 a5 23. Ng3 a4 24. bxa4 c4 25. Qd4 Nc5 26. Qd2
Nd3 27. a5 Ne4 28. Nxe4 dxe4 29. Bxg7 exf3 30. Ba1 fxg2 31. Qc3 Ne5 32. f4
Nf3+ 33. Kxg2 Rg8 34. Kg3 Nh4 35. Rd8 Rxe3+ 36. Qxe3 Nf5+ 37. Kf2 Nxe3 38.
Rxg8 Qg2+ 39. Kxe3 Kxg8 1-0

[Event "WCC"]
[Site "Khanty Mansyisk RUS"]
[Date "2005.11.29"]
[Round "1.4"]
[White "Fedorov,Alex"]
[Black "Cheparinov,I"]
[Result "0-1"]
[WhiteElo "2616"]
[BlackElo "2618"]
[EventDate "2005.11.29"]

1. e4 c5 2. Nc3 d6 3. Nge2 Nf6 4. g3 b5 5. Bg2 Bb7 6. O-O Nbd7 7. d3 a6 8.
a3 e6 9. f4 Qc7 10. h3 Be7 11. Bd2 O-O 12. g4 Nb6 13. g5 Nfd7 14. Ng3 Rfe8
15. h4 d5 16. exd5 exd5 17. Qf3 b4 18. Nce2 a5 19. Rae1 Bf8 20. Nf5 c4 21.
axb4 axb4 22. Neg3 Ba6 23. dxc4 Nxc4 24. Bc1 Ncb6 25. Rxe8 Rxe8 26. Rd1
Qxc2 27. Ne3 Qc5 28. Kh2 Bb7 29. Nef5 Ba8 30. Nd4 Nc4 31. Ngf5 Nd6 32. Nxd6
Qxd6 33. Bd2 g6 34. Ra1 Bg7 35. Nc2 Bxb2 36. Rb1 0-1

[Event "WCC"]
[Site "Khanty Mansyisk RUS"]
[Date "2005.11.29"]
[Round "1.5"]
[White "Erenburg,S"]
[Black "Izoria,Z"]
[Result "1-0"]
[WhiteElo "2582"]
[BlackElo "2646"]
[EventDate "2005.11.29"]

1. d4 e6 2. e4 d5 3. Nf3 c5 4. Nbd2 cxd4 5. exd5 Qxd5 6. Bc4 Qd6 7. O-O Nf6
8. Nb3 Nc6 9. Nbxd4 Nxd4 10. Nxd4 Bd7 11. c3 Qc7 12. Bb3 Bd6 13. h3 Bh2+
14. Kh1 Bf4 15. Bxf4 Qxf4 16. Ba4 O-O-O 17. Bxd7+ Rxd7 18. Qb3 Rhd8 19. Qa4
e5 20. Qxa7 exd4 21. cxd4 Rc7 22. Rad1 Ne4 23. Kg1 f5 24. d5 Qd6 25. Qa8+
Kd7 26. Qa4+ Ke7 27. f3 Qc5+ 28. Kh2 Qd6+ 29. Kg1 Nf6 30. Kh1 Kf7 31. Rfe1
Re7 32. Re6 Qd7 33. Qb3 Kg6 34. Rde1 Rxe6 35. dxe6 Qd2 36. Rg1 Qd5 37. e7
Re8 38. Qb4 b6 39. Qxb6 Rxe7 40. a3 Rb7 41. Qf2 h6 42. b4 Qd3 43. Qb2 Kh7
44. a4 Nh5 45. b5 Ng3+ 46. Kh2 Qd6 47. Ra1 Re7 48. Qa3 Ne2+ 49. Qxd6 1-0

[Event "WCC"]
[Site "Khanty Mansyisk RUS"]
[Date "2005.11.29"]
[Round "1.6"]
[White "Izoria,Z"]
[Black "Erenburg,S"]
[Result "1-0"]
[WhiteElo "2646"]
[BlackElo "2582"]
[EventDate "2005.11.29"]

1. e4 e5 2. Bc4 Nf6 3. d3 c6 4. Nf3 d5 5. Bb3 Bd6 6. exd5 Nxd5 7. O-O O-O
8. Re1 Nd7 9. Nbd2 Bc7 10. Ne4 a5 11. a3 Kh8 12. Bg5 f6 13. Bd2 N7b6 14. h3
Ne7 15. Qe2 Nf5 16. Rad1 Qe7 17. d4 Nxd4 18. Nxd4 exd4 19. Qf3 Qe5 20. Ng3
Qc5 21. Nh5 Bd7 22. c3 dxc3 23. Bxc3 Rae8 24. Rxe8 Rxe8 25. g4 Be5 26. Nxf6
Rf8 27. Bxe5 Qxe5 28. Nxd7 Nxd7 29. Rxd7 Qc5 30. Rf7 Re8 31. Kg2 b5 32. Bc2
Kg8 33. Bb1 Qc4 34. Rf4 Qe6 35. Be4 g5 36. Bxc6 gxf4 37. Bd5 1-0

[Event "WCC"]
[Site "Khanty Mansyisk RUS"]
[Date "2005.11.30"]
[Round "2.1"]
[White "Felgaer,R"]
[Black "Gelfand,B"]
[Result "1/2-1/2"]
[WhiteElo "2636"]
[BlackElo "2717"]
[EventDate "2005.11.27"]

1. e4 c5 2. Nf3 d6 3. d4 cxd4 4. Nxd4 Nf6 5. Nc3 a6 6. g3 e5 7. Nb3 Nbd7 8.
a4 b6 9. Bg2 Bb7 10. O-O Be7 11. Nd2 Rc8 12. Qe2 Qc7 13. Rd1 Nc5 14. b3 Ne6
15. Bb2 Nd4 16. Qd3 O-O 17. Nc4 b5 18. axb5 axb5 19. Ne3 Qc5 20. Ne2 Nxe2+
21. Qxe2 g6 22. Ra5 Bc6 23. Nc4 Bd7 24. Ne3 Ra8 25. Qd2 Qb6 26. Rda1 Qb7
27. Qb4 Rxa5 28. Rxa5 Bc6 29. Nd5 Bxd5 30. exd5 Qc7 31. c3 Nd7 32. Rxb5 Nc5
33. Qc4 Qd7 34. Qe2 Qf5 35. c4 Qb1+ 36. Bf1 Bf6 37. Ba3 e4 38. Bxc5 dxc5
39. d6 Ra8 40. d7 Ra2 41. Qe3 Ra1 42. Qe2 Ra2 43. Qe3 1/2-1/2

[Event "WCC"]
[Site "Khanty Mansyisk RUS"]
[Date "2005.11.30"]
[Round "2.1"]
[White "Jobava,Ba"]
[Black "Lane,G"]
[Result "1-0"]
[WhiteElo "2601"]
[BlackElo "2445"]
[EventDate "2005.11.27"]

1. d4 Nf6 2. c4 g6 3. g3 Bg7 4. Bg2 O-O 5. Nc3 d6 6. Nf3 Nc6 7. d5 Na5 8.
b3 c5 9. Bb2 a6 10. Nd2 Rb8 11. Qc2 e5 12. dxe6 Bxe6 13. Rd1 Nc6 14. O-O
Nd4 15. Qc1 Bg4 16. f3 Bf5 17. e3 Nc6 18. Nd5 Nxd5 19. cxd5 Ne5 20. Qa1 f6
21. e4 Bd7 22. f4 Ng4 23. Rfe1 b5 24. h3 Nh6 25. g4 Rf7 26. Nf3 g5 27. e5
dxe5 28. fxe5 fxe5 29. Nxe5 Bxe5 30. Bxe5 Rb6 31. Qc1 c4 32. bxc4 bxc4 33.
Qxc4 Bb5 34. Qd4 Bd7 35. Rb1 Rb5 36. a4 Rxb1 37. Rxb1 Bc8 38. d6 Be6 39.
Bd5 Bxd5 40. Qxd5 Kf8 41. Qe6 Ng8 42. d7 Rxd7 43. Rf1+ 1-0

[Event "WCC"]
[Site "Khanty Mansyisk RUS"]
[Date "2005.11.30"]
[Round "2.1"]
[White "Zhang Zhong"]
[Black "Sokolov,Iv"]
[Result "0-1"]
[WhiteElo "2598"]
[BlackElo "2696"]
[EventDate "2005.11.27"]

1. e4 e5 2. Nf3 Nc6 3. Bb5 a6 4. Ba4 Nf6 5. O-O Nxe4 6. d4 b5 7. Bb3 d5 8.
dxe5 Be6 9. Be3 Be7 10. c3 O-O 11. Nbd2 Qd7 12. Re1 Nxd2 13. Qxd2 Na5 14.
Bc2 Nc4 15. Qd3 g6 16. b3 Bf5 17. Qd1 Nxe3 18. Rxe3 Bg4 19. h3 Be6 20. Qd2
c5 21. Rd1 a5 22. Re2 Rad8 23. a3 Qc8 24. Qf4 Kg7 25. Rde1 Rd7 26. h4 h6
27. Rd1 Qd8 28. h5 Bg5 29. Qg3 d4 30. cxd4 cxd4 31. Ne1 b4 32. axb4 axb4
33. Be4 Rc7 34. Nf3 Rc3 35. hxg6 d3 36. Rb2 d2 37. Rbxd2 Rxf3 38. gxf3 Bxd2
39. f4 Bxf4 40. Rxd8 Bxg3 41. Rxf8 Bxf2+ 42. Kxf2 Kxf8 43. gxf7 Bxb3 44.
Kg3 Bxf7 45. Bf5 b3 46. e6 Bh5 47. Bd3 Bd1 48. Kh4 Ke7 49. Bc4 b2 50. Ba2
h5 51. Kg5 Bg4 0-1

[Event "WCC"]
[Site "Khanty Mansyisk RUS"]
[Date "2005.11.30"]
[Round "2.1"]
[White "Bologan,V"]
[Black "Efimenko,Z"]
[Result "0-1"]
[WhiteElo "2682"]
[BlackElo "2637"]
[EventDate "2005.11.27"]

1. e4 c5 2. Nf3 d6 3. d4 cxd4 4. Nxd4 Nf6 5. Nc3 a6 6. Be3 e5 7. Nf3 Be7 8.
Bc4 O-O 9. O-O Be6 10. Qe2 Nc6 11. Rfd1 Qc7 12. Bb3 Na5 13. Bg5 Nxb3 14.
axb3 Nh5 15. Nxe5 Bxg5 16. Qxh5 Bf6 17. Nf3 Bxc3 18. bxc3 Qxc3 19. Nd4 Rfe8
20. Qa5 Qc5 21. Qd2 Bd7 22. Re1 Re5 23. f4 Re7 24. Re3 Rae8 25. Rae1 a5 26.
h3 b5 27. Kh2 a4 28. c3 Qa7 29. b4 Qb7 30. Qe2 f6 31. Qd3 Kh8 32. Kh1 Bc6
33. Nxc6 Qxc6 34. Rd1 Rxe4 35. Rxe4 Rxe4 36. Qxd6 Qxd6 37. Rxd6 Kg8 38. Rb6
Re1+ 39. Kh2 a3 40. Ra6 Ra1 41. Ra7 a2 42. Kg3 Kf8 43. Kg4 g6 44. f5 Ke8
45. Kg3 Kd8 46. Kh2 Kc8 47. fxg6 hxg6 48. h4 f5 49. g3 Kb8 50. Ra5 Kc7 51.
Kg2 Kd6 52. Kh2 Ke6 53. Kg2 Kf6 54. Kh2 Kg7 55. Ra6 Kh6 56. Kg2 Kh5 57. Kh2
f4 58. gxf4 Kxh4 59. Kg2 Kg4 60. Rxg6+ Kxf4 61. Ra6 Ke5 0-1

[Event "WCC"]
[Site "Khanty Mansyisk RUS"]
[Date "2005.11.30"]
[Round "2.1"]
[White "Ivanov,AV USA"]
[Black "Lautier,J"]
[Result "0-1"]
[WhiteElo "2589"]
[BlackElo "2680"]
[EventDate "2005.11.27"]

1. e4 c5 2. Nc3 Nc6 3. Nf3 e5 4. Bc4 Be7 5. d3 Nf6 6. Bg5 d6 7. Bxf6 Bxf6
8. Nd5 O-O 9. c3 Bg5 10. a3 Kh8 11. b4 Bh6 12. O-O f5 13. exf5 Bxf5 14. Nd2
Qh4 15. Qe2 Bxd2 16. Qxd2 Rad8 17. b5 Na5 18. Ne3 Nxc4 19. dxc4 Be6 20. Qe2
Rf6 21. f3 Qh5 22. Rf2 Rh6 23. h3 Qg5 24. Kh1 Qg3 25. Ng4 Rh4 26. Raf1 h5
27. Ne3 Rf8 28. Qd2 Bxh3 29. gxh3 Rxf3 30. Rh2 Rxe3 31. Qxd6 Rf4 0-1

[Event "WCC"]
[Site "Khanty Mansyisk RUS"]
[Date "2005.11.30"]
[Round "2.1"]
[White "Bruzon,L"]
[Black "Onischuk,Al"]
[Result "1/2-1/2"]
[WhiteElo "2677"]
[BlackElo "2640"]
[EventDate "2005.11.27"]

1. e4 e5 2. Nf3 Nc6 3. Bb5 a6 4. Ba4 Nf6 5. O-O Be7 6. Re1 b5 7. Bb3 O-O 8.
h3 Bb7 9. d3 Re8 10. a4 h6 11. Nbd2 Bf8 12. Nf1 Na5 13. Ba2 d5 14. Bd2 dxe4
15. dxe4 b4 16. Ng3 c5 17. c3 bxc3 18. Bxc3 Qd7 19. Qd2 Qxd2 20. Red1 Nc6
21. Nxd2 Nd4 22. f3 Bc6 23. Kf2 g6 24. Rdc1 Rab8 25. Ngf1 h5 26. Bc4 Nd7
27. Bxa6 Ra8 28. Bc4 Rxa4 29. Rxa4 Bxa4 30. Ra1 Nb6 31. Ne3 Bc6 32. Ra6 Rb8
33. Ba2 Na4 34. Ndc4 Bb5 35. Ra7 Nc6 36. Rc7 Nxc3 37. bxc3 Nd8 38. Ra7 Nc6
39. Rc7 Nd8 40. h4 Ra8 41. Bb3 Kg7 42. g4 hxg4 43. Nxg4 Ne6 44. Rb7 Ba6 45.
Rd7 Bb5 46. Rb7 Ba6 47. Rd7 Bb5 48. Rb7 1/2-1/2

[Event "WCC"]
[Site "Khanty Mansyisk RUS"]
[Date "2005.11.30"]
[Round "2.1"]
[White "Smirin,I"]
[Black "Wang Yue"]
[Result "1/2-1/2"]
[WhiteElo "2673"]
[BlackElo "2585"]
[EventDate "2005.11.27"]

1. e4 c5 2. Nf3 Nc6 3. Nc3 e5 4. Bc4 Be7 5. d3 d6 6. O-O Nf6 7. Ng5 O-O 8.
f4 exf4 9. Bxf4 h6 10. Nf3 Be6 11. Nd5 Bxd5 12. exd5 Na5 13. Nh4 Nxc4 14.
dxc4 Nxd5 15. Qxd5 Bxh4 16. Bxd6 Be7 17. Bg3 Qb6 18. b3 1/2-1/2

[Event "WCC"]
[Site "Khanty Mansyisk RUS"]
[Date "2005.11.30"]
[Round "2.1"]
[White "Vescovi,G"]
[Black "Harikrishna,P"]
[Result "1-0"]
[WhiteElo "2646"]
[BlackElo "2673"]
[EventDate "2005.11.27"]

1. e4 e5 2. Nf3 Nc6 3. Bb5 Nf6 4. O-O Nxe4 5. d4 Nd6 6. Bxc6 dxc6 7. dxe5
Nf5 8. Qxd8+ Kxd8 9. Nc3 Ne7 10. h3 Ng6 11. a3 h6 12. Be3 Bd7 13. Rad1 Kc8
14. Rd2 Be7 15. Rfd1 Rd8 16. g4 a5 17. a4 b6 18. Kg2 Be8 19. Rxd8+ Bxd8 20.
Kg3 c5 21. b3 Bc6 22. Nd5 c4 23. h4 Kb7 24. h5 Ne7 25. Nc3 cxb3 26. cxb3
Bxf3 27. Kxf3 Nc6 28. Ke4 Be7 29. Nb5 Rd8 30. Rxd8 Nxd8 31. f4 Ne6 32. f5
Ng5+ 33. Bxg5 Bxg5 34. e6 fxe6 35. fxe6 c6 36. Nd4 Kc7 37. Kf5 Kd6 38. Kg6
Ke7 39. Nf5+ Kxe6 40. Nxg7+ Kd5 41. Nf5 b5 42. Nxh6 Bf4 43. Nf5 Be5 44. Ng7
Bf4 1-0

[Event "WCC"]
[Site "Khanty Mansyisk RUS"]
[Date "2005.11.30"]
[Round "2.1"]
[White "Erenburg,S"]
[Black "Sakaev,K"]
[Result "1/2-1/2"]
[WhiteElo "2582"]
[BlackElo "2668"]
[EventDate "2005.11.27"]

1. e4 c6 2. d4 d5 3. e5 Bf5 4. Nf3 e6 5. Be2 Nd7 6. O-O Bg6 7. Nbd2 Nh6 8.
Nb3 Nf5 9. c3 Be7 10. g4 Nh4 11. Nxh4 Bxh4 12. f4 f5 13. Be3 Be7 14. c4 Nb6
15. Na5 dxc4 16. Nxb7 Qd7 17. Na5 fxg4 18. Nxc4 Nxc4 19. Bxc4 Bf5 20. Bd3
g6 21. Qc2 Kf7 22. Be4 Bxe4 23. Qxe4 Qd5 1/2-1/2